00460nam a2200181Ia 450000500170000000800410001702000280005804000190008604100120010508200160011710000240013324500390015725000120019626000270020830000100023565000230024585000100026820230315095941.0131103s9999 xx 000 0 und d a81 86263 11 XcRs.50.00 aLoreto College aEnglish a891.44bGUP aGupta, Radha Prasad aStan kal patracRadha Prasad Gupta a2nd ed. aCalcuttab[s.n.]c2001 a85p.  aBengali literature aLCLIB